Sporcle's Easiest Country (per Letter) Quiz Stats

 Plays Quiz Updated Dec 5, 2017

Challenge
Share
Tweet
Embed
Score 0/24 Timer 03:00
22 Plays Today
Letter Country % Correct
FFrance
92.1%
UUnited States
88.3%
CCanada
88.2%
GGermany
87.1%
DDenmark
84.8%
RRussia
80.6%
QQatar
78.8%
JJapan
78.6%
AAustralia
78.2%
BBrazil
77.6%
YYemen
75.7%
ZZimbabwe
74.7%
Letter Country % Correct
OOman
71%
SSpain
70.8%
IItaly
70.8%
MMexico
67.2%
PPortugal
61.5%
HHungary
60.8%
EEgypt
56.5%
TTurkey
51.1%
VVietnam
48.8%
KKenya
44.7%
NNew Zealand
39%
LLatvia
34.5%

You're not logged in!

Compare scores with friends on all Sporcle quizzes.
OR
Log In

You Might Also Like...

Show Comments

Extras

Top Quizzes Today


Score Distribution

Your Account Isn't Verified!

In order to create a playlist on Sporcle, you need to verify the email address you used during registration. Go to your Sporcle Settings to finish the process.

Report this User

Report this user for behavior that violates our Community Guidelines.

Details: